| 000 | 00794nam a2200289 a 4500 | ||
|---|---|---|---|
| 001 | vtls001440077 | ||
| 003 | NLI | ||
| 005 | 20210627122016.0 | ||
| 008 | 121130s1993 ii 000 0 eng | ||
| 020 | _cRs. 2.00 (pbk.) | ||
| 039 | 9 |
_y201211301652 _zVLOAD |
|
| 040 |
_aNLI _beng _cDatasoft_GENG _eAACR2 |
||
| 041 | 0 | _aeng | |
| 044 | _aii | ||
| 082 | 0 | 4 | _a294.556 |
| 245 | 0 | 0 | _aSwami Vivekananda's addresses |
| 260 |
_aCalcutta : _bAdvaita Ashram, _c1993 |
||
| 300 |
_a55 p. ; _c16 cm. |
||
| 600 | 0 | 0 |
_aVivekananda, _cSwami, _d1863-1902 _9686733 |
| 650 | 0 |
_aReligious leaders _zIndia _9743386 |
|
| 887 | _a | ||
| 901 |
_aDB65819 _b19.08.1994 |
||
| 902 | _aE 294.556 V 836 vi | ||
| 904 | _l3193 | ||
| 949 |
_AVIRTUAITEM _D10000 _X100 _6DBA000065819ENG |
||
| 942 |
_2ddc _cBKS |
||
| 999 |
_aVIRTUA40 _c891705 _d891705 |
||